000 00201 a2200097 4500
001 126841
040 _cEscola Canadense de Niteroi
090 _aMP
245 1 0 _aJogo Por Dentro do Corpo
942 _cMATP
999 _c126841
_d126841